| 000 | 00686nam a2200217Ia 4500 | ||
|---|---|---|---|
| 003 | IN-BaIIA | ||
| 008 | 211028s9999 xx 000 0 eng d | ||
| 040 | _cIIA Library | ||
| 080 |
_a621.317 _bTER |
||
| 100 |
_aTerman, Frederick Emmons _92657 |
||
| 245 | 0 |
_aElectronic measurements _cFrederick Emmons Terman and Joseph MayoPettit |
|
| 250 | _a2nd ed. | ||
| 260 |
_aNew York _bMcGraw-Hill _c1952 |
||
| 300 | _axiii, 707p. | ||
| 490 | _aMcGraw-Hill electrical and electronic engineering series | ||
| 650 | _aNASA Thesaurus | ||
| 650 | _aRadio electronics | ||
| 650 |
_aRadio engineering _91656 |
||
| 700 |
_aPettit, Joseph Mayo _92658 |
||
| 942 | _cBK | ||
| 999 |
_c1279 _d1279 |
||